书目信息 |
| 题名: |
测量学
|
|
| 作者: | 李玉宝 主编 | |
| 分册: | ||
| 出版信息: | 成都 西南交通大学出版社 2016.10 |
|
| 页数: | 285页 | |
| 开本: | 26cm | |
| 丛书名: | ||
| 单 册: | ||
| 中图分类: | P2 | |
| 科图分类: | ||
| 主题词: | 测量学--ce liang xue | |
| 电子资源: | ||
| ISBN: | 978-7-5643-5077-2 | |
| 000 | 00964nam0 2200253 450 | |
| 001 | 94906 | |
| 005 | 20250821080845.83 | |
| 010 | @a978-7-5643-5077-2@dCNY49.00 | |
| 100 | @a20231128d2016 em y0chiy50 ea | |
| 101 | 0 | @achi |
| 102 | @aCN@b510000 | |
| 105 | @aak a 000yy | |
| 106 | @ar | |
| 200 | 1 | @a测量学@Ace liang xue@f主编李玉宝 |
| 205 | @a第4版 | |
| 210 | @a成都@c西南交通大学出版社@d2016.10 | |
| 215 | @a285页@c图@d26cm | |
| 320 | @a有书目 (第285页) | |
| 330 | @a本书系统介绍了测量学的基本概念、理论、技术与方法, 侧重当前技术条件下的工程应用。全书分12章, 内容包括角度、长度、高差测量, 测量误差基础理论, 工程控制测量, 大比例尺地形测量等测量学基础内容。在保证测量学基础理论系统性、完整性的基础上, 力图用通俗易懂的语言, 与当前工程实践符合的测量技术方法, 详细地阐述测量学的工程应用问题。 | |
| 606 | 0 | @a测量学@Ace liang xue |
| 690 | @aP2@v5 | |
| 701 | 0 | @a李玉宝@Ali yu bao@4主编 |
| 801 | 0 | @aCN@c20250909 |
| 905 | @a河南城建学院图书馆@dP2@eL320=4 | |
| 测量学/主编李玉宝.-第4版.-成都:西南交通大学出版社,2016.10 |
| 285页:图;26cm |
| ISBN 978-7-5643-5077-2:CNY49.00 |
| 本书系统介绍了测量学的基本概念、理论、技术与方法, 侧重当前技术条件下的工程应用。全书分12章, 内容包括角度、长度、高差测量, 测量误差基础理论, 工程控制测量, 大比例尺地形测量等测量学基础内容。在保证测量学基础理论系统性、完整性的基础上, 力图用通俗易懂的语言, 与当前工程实践符合的测量技术方法, 详细地阐述测量学的工程应用问题。 |
| ● |
| 相关链接 |
|
|
|
正题名:测量学
索取号:P2/L320=4
 
预约/预借
| 序号 | 登录号 | 条形码 | 馆藏地/架位号 | 状态 | 备注 |
| 1 | 1630527 | 216305273 | 自科库401/401自科库 112排2列5层/ [索取号:P2/L320=4] | 在馆 |